000 00995nam a22003137a 4500
003 CHAP
005 20220329133359.0
008 971013s1989 r 00010 d
010 _a5719
011 _a6691
035 _a5913
040 _cCHAP
082 _a624.151
_bM2
100 0 0 _aMckyes, Edward.
_973659
245 _aAgricultural engineering soil mechanics
260 _aAmsterdam :
_bElsevier,
_c1989
300 _a292 p.
_b: ilus. ; gráfs.
490 _aDevelopments in Agricultural Engineering
_v; 10
500 _a59-109
590 _aBATCH-UPD
_b10
_c20130110
_lUCH01
_h1704
590 _aBATCH-UPD
_b10
_c20130410
_lUCH01
_h1051
590 _aBATCH-UPD
_b10
_c20130914
_lUCH01
_h1807
590 _aCONVERSION
_b10
_c20130109
_lUCH01
_h1304
650 1 4 _aMecánica de suelos.
_973824
830 0 _aDevelopments in Agricultural Engineering
_v; 10
_932271
901 _aBK
942 _cLIBRO
949 _a624.151 M2
_bBC
_cLIBRO
_d33724000018438
_eLIBRO
_gI.164566
_h82461
_i5913
_si
_t240.00
999 _c5719
_d5719